000 00656nam a22002057a 4500
999 _c8926
_d8926
003 AR-CdUCM
008 190326b ||||| |||| 00| 0 spa d
020 _a978-84-683-03358-1
040 _aMUNICIPALIDAD PROVINCIAL DEL CUSCO
_cBIBLIOTECA MUNICIPAL DEL CUSCO
082 _23 ed.
_aPI-0013 /
_bCUR / dib
100 _aCurto, Rosa M.
_924788
245 _aDibuja el mundo de las hadas /
260 _aBarcelona :
_bEdebé,
_c2012.
300 _a95 páginas ;
_bilustraciones a color,
_c27 cm.
650 _aMaterial didactico
_910701
650 _aLibro infantil
_924758
650 _aLibro para colorear
_924789
942 _2ddc
_cLIBROS
945 _araen